000 00336nam a2200169Ia 4500
100 _aDonat/Wolfram
650 _aMicro:bit
942 _cBK
366 _f20
654 _amicrobit
245 _aMake: Getting started with Micro:bit
260 _bSPD
_c2017
082 _bDON
300 _a178
546 _aENGLISH
999 _c22978
_d22978